Zimbabwe A-Z - Statistics

General Stats
  • This quiz has been taken 71 times
    63 since last reset
  • The average score is 13 of 26
Answer Stats
Hint Answer % Correct
H Capital city Harare
94%
U Which country colonised Zimbabwe in 1890? United Kingdom
94%
Z Name of the river on the northern border Zambezi
89%
D Name of the Zimbabwean currency Dollar
85%
Y The four stripes on the flag are black, red, green and which other colour? Yellow
85%
V Name of the large falls on the northern border Victoria Falls
81%
B Second city Bulawayo
72%
L Name of the riveron the southern border Limpopo
69%
Q The pre-Independance spelling of Kwe Kwe Que Que
57%
K Name of the largest dam Kariba
54%
T The highest denomition note issued in Zimbabwe 100 Trillion
52%
N One of the liberation leaders (Joshua) Nkomo
52%
C ChiShona name for the upraisings against colonial rule Chimurenga
41%
O First name of singer/songwriter 'Tuku' Oliver
41%
J Catholic missionaries responsible for most pre-independance education Jesuits
39%
S Name of the upper house of Parliament Senate
37%
I Former name of Nyanga Inyanga
33%
W Former name of Hwange National Park Wankie National Park
31%
P Name of the all night meetings that happened in the villages during the struggle Pungwe
30%
F Former name of Masvingo town Fort Victoria
26%
G National Park in the southeast of the country Gonarezhou
26%
E Alternative name for the area of Manicaland Eastern Highlands
24%
R The name of the stadium that hosted the Independance celebrations Rufaro
22%
M The name of the project to destroy illegal urban properties in 2005 Murambatsvina
19%
X The word for frog in IsiNdebele (one of the official languages) *NB without the prefix Xoxo
7%
A The name of the short-lived bearer cheque issued in 2008 in multiples of billions Agrocheque
6%
No matching quizzes found
Score Distribution
Percent of People with Each Score
Percentile by Number Answered
Your Score History
You have not taken this quiz since the last reset